| 000 | 00907cam a2200229 4500 | ||
|---|---|---|---|
| 001 | L123049 | ||
| 008 | #DATE n2005 000 0 eng u | ||
| 020 | _a042170540X | ||
| 035 | _a(Sirsi) u123049 | ||
| 041 | _aeng | ||
| 050 |
_a346.41078 _c18 |
||
| 100 | _aHunter, Muir | ||
| 245 | _aKerr and Hunter on receivers and administrators | ||
| 250 | _a18th ed. | ||
| 260 |
_aLondon _bSweet and Maxwell _c2005 |
||
| 300 |
_aixxxvi,657p. _c24cm. |
||
| 350 | _a179 | ||
| 520 | _aDiscusses corporate and personal insolvency and includes the effect of the abolition of administrative receivership in the Enterprise Act 2002 and the change in administrative procedures. Revised to consider other legislative developments such as the Insolvency Act 2000, Regulation (EC) 1342/2000 and the UNCITRAL model law on bankruptcy. | ||
| 590 | _aIKA290405 | ||
| 690 | _aMANAGEMENT-CORPORATE RECOVERY | ||
| 942 | _n0 | ||
| 999 |
_c102991 _d102991 |
||